000 00270nam a22001217a 4500
008 181015b xxu||||| |||| 00| 0 eng d
041 _aeng
080 _a616.8
100 _a6
101 _aTRU
245 _aBehaviroral Brain Research
_cJoseph.A.S
942 _2udc
_cBK
999 _c49787
_d49787